China's and Italy's participation in peacekeeping operations : existing models, emerging challenges /

China's and Italy's Participation in Peacekeeping Operations: Existing Models, Emerging Challenges examines the peacemaking efforts of these two countries through the lenses of international relations, history, sociology, and law. Using the specific experiences of Italy and China, this boo...

Full description

Bibliographic Details
Main Authors: De Guttry, Andrea (Author, Editor), Sommario, Emanuele, 1975- (Author, Editor), Zhu, Lijiang (Author, Editor)
Corporate Author: Ebook Library
Format: eBook
Language:English
Published: Lanham, Maryland : Lexington Books, 2014.
Subjects:
Online Access:Connect to the full text of this electronic book

MARC

Tag First Indicator Second Indicator Subfields
LEADER 00000cam a2200000Ki 4500
001 in00003442721
006 m o d
007 cr cnu---unuuu
008 140505s2014 mdu ob 001 0 eng d
005 20250816222804.8
020 |a 9780739189320 (electronic bk.) 
020 |a 0739189328 (electronic bk.) 
020 |z 9780739189313 
020 |z 073918931X 
035 |a (OCoLC)ocn879202899 
035 |a (OCoLC)879202899 
040 |a N$T  |b eng  |e rda  |e pn  |c N$T  |d OCLCA  |d EBLCP  |d YDXCP  |d MHW  |d IDEBK  |d E7B  |d OCLCO  |d CDX  |d OCLCF  |d TXA  |d UtOrBLW 
043 |a a-cc---  |a e-it--- 
049 |a TXAM 
050 4 |a JZ6377.C6  |b C55 2014eb 
072 7 |a LAW  |x 051000  |2 bisacsh 
082 0 4 |a 341.5/84  |2 23 
245 0 0 |a China's and Italy's participation in peacekeeping operations :  |b existing models, emerging challenges /  |c edited by Andrea de Guttry, Emanuele Sommario, and Lijiang Zhu. 
264 1 |a Lanham, Maryland :  |b Lexington Books,  |c 2014. 
300 |a 1 online resource (xviii, 407 pages) 
336 |a text  |b txt  |2 rdacontent 
337 |a computer  |b c  |2 rdamedia 
338 |a online resource  |b cr  |2 rdacarrier 
504 |a Includes bibliographical references and index. 
505 0 |a Italy's participation in PKOs : figures and trends / Fabrizio Coticchia -- China's participation in PKOs : figures and trends / Jiaxiang Hu -- Reasons for Italy's active engagement in PKOs : political, cultural and moral implications / Alessandro Polsi -- What reasons lie behind the decision to work in a PKO? : the psycho-social motivations of Chinese troops and police forces / Zonglin Zhang -- Postmodern motivation and the morale of peacekeepers / Fabrizio Battistelli -- Peacekeeping decision making process and modality of financing in China / Sanzhuan Guo -- Decision-making process and modalities of financing participation in PKOs : the Italian experience / Filippo Cinoglossi -- Attitudes of China and Italy towards regional PKOs : are past differences becoming less relevant? / Andrea de Guttry -- Italy and China's commitment to Africa's peace and security architecture / Manon Derriennic -- Mainstreaming gender issues and fighting against sexual exploitation and abuse in peacekeeping operations : what has been done so far by Italy and PRC? / Mariangela Bizzarri and Jessica Colombo -- From peacekeeping to stabilization : the local counterparts' capabilities development paradigm / Annalisa Creta -- Training the police component of PKOs : CoESPU, an Italian experience / Umberto Rocca -- Training the civilian component : the European Union experience / Radek Khol -- Keeping the peace at sea : Chinese and Italian practices in anti-piracy operations / Fabio Caffio -- The legal framework applicable to national military personnel deployed in peacekeeping operations : the Italian experience / Giulio Bartolini -- The legal framework applicable to national personnel deployed in UN peacekeeping operations : the Chinese experience / Lijiang Zhu -- Parliamentary involvement with military missions abroad : experiences in Europe / Luc Verhey -- Crimes committed by peacekeepers : immunity v. principles of criminal jurisdiction : a brief outline / Alberto di Martino -- Responsibility under international law for human rights violations committed by UN peacekeepers : reconsidering issues of attribution / Emanele Sommario. 
588 |a Description based on print version record. 
520 |a China's and Italy's Participation in Peacekeeping Operations: Existing Models, Emerging Challenges examines the peacemaking efforts of these two countries through the lenses of international relations, history, sociology, and law. Using the specific experiences of Italy and China, this book addresses larger questions of how and why foreign powers intervene in the name of peace. 
650 0 |a Peacekeeping forces, Chinese. 
651 0 |a China  |x Armed Forces  |x Operations other than war. 
650 0 |a Peacekeeping forces, Italian. 
651 0 |a Italy  |x Armed Forces  |x Operations other than war. 
610 2 0 |a United Nations  |x Peacekeeping forces. 
610 2 4 |a United Nations. 
650 7 |a LAW / International.  |2 bisacsh 
610 2 7 |a United Nations.  |2 fast  |0 (OCoLC)fst00530351 
650 7 |a Armed Forces  |x Operations other than war.  |2 fast  |0 (OCoLC)fst00814618 
650 7 |a Peacekeeping forces.  |2 fast  |0 (OCoLC)fst01055909 
650 7 |a Peacekeeping forces, Chinese.  |2 fast  |0 (OCoLC)fst01894917 
650 7 |a Peacekeeping forces, Italian.  |2 fast  |0 (OCoLC)fst01740580 
651 7 |a China.  |2 fast  |0 (OCoLC)fst01206073 
651 7 |a Italy.  |2 fast  |0 (OCoLC)fst01204565 
655 7 |a Electronic books.  |2 local 
710 2 |a Ebook Library. 
700 1 |a De Guttry, Andrea,  |e author,  |e editor. 
700 1 |a Sommario, Emanuele,  |d 1975-  |e author,  |e editor. 
700 1 |a Zhu, Lijiang,  |e author,  |e editor. 
776 0 8 |i Print version:  |t China's and Italy's participation in peacekeeping operations  |z 9780739189313  |w (DLC) 2014002002  |w (OCoLC)868429282 
856 4 0 |u https://ebookcentral.proquest.com/lib/tamucs/detail.action?docID=1684214  |y Connect to the full text of this electronic book  |t 0 
948 |a cataloged  |b h  |c 2014/9/1  |d c  |e cproctor  |f 9:16:36 AM 
994 |a C0  |b TXA 
999 f f |s f80aabf2-63d2-33e1-9f62-6168d87f04e5  |i f506529e-0dc7-3128-a3fb-2d38e83204e2  |t 0 
999 |a MARS 
952 f f |a Texas A&M University  |b College Station  |c Electronic Resources  |d Available Online  |t 0  |e JZ6377.C6 C55 2014eb  |h Library of Congress classification 
998 f f |a JZ6377.C6 C55 2014eb  |t 0  |l Available Online